MLB AL/NL Central 2026 Lineups (My Lineups) - Statistics

General Stats
  • This quiz has been taken 85 times
    20 since last reset
  • The average score is 44 of 100
Answer Stats
Answer % Correct
Hunter Greene
100%
Riley Greene
100%
Gleyber Torres
92%
Kerry Carpenter
92%
Tarik Skubal
85%
Bobby Witt Jr.
77%
Javier Baez
77%
Jose Ramirez
77%
Salvador Perez
77%
Spencer Torkelson
77%
Vinnie Pasquantino
77%
Bo Naylor
69%
Maikel Garcia
69%
Byron Buxton
62%
Colson Montgomery
62%
Elly De La Cruz
62%
Jonathan India
62%
Munetaka Murakami
62%
Oneil Cruz
62%
Shane Smith
62%
Stevan Kwan
62%
Alex Bregman
54%
Gavin Williams
54%
Ian Happ
54%
Joe Ryan
54%
Kyle Manzardo
54%
Michael Busch
54%
Nico Hoerner
54%
Pete Crow-Armstrong
54%
Seiya Suzuki
54%
Zach McKinstry
54%
Andrew Vaughn
46%
Brice Turang
46%
Brooks Lee
46%
Bryan Reynolds
46%
Carson Kelly
46%
Chase DeLauter
46%
Christian Yelich
46%
Dansby Swanson
46%
Ivan Herrera
46%
Jackson Chourio
46%
Joey Ortiz
46%
Kyle Teel
46%
Miguel Vargas
46%
Paul Skenes
46%
Ryan O’hearn
46%
Sal Frelick
46%
Shota Imanaga
46%
Spencer Steer
46%
TJ Friedl
46%
Tyler Stephenson
46%
William Contreras
46%
Alec Burleson
38%
Austin Hays
38%
Brandon Lowe
38%
Brandon Woodruff
38%
Brayan Rocchio
38%
Colt Keith
38%
David Fry
38%
Eugenio Suárez
38%
Gabriel Arias
38%
Joey Bart
38%
Josh Bell
38%
Kyle Isbel
38%
Lenyn Sosa
38%
Luisangel Acuña
38%
Masyn Winn
38%
Nolan Gorman
38%
Royce Lewis
38%
Ryan Jeffers
38%
Trey Sweeney
38%
Victor Scott II
38%
Andrew Benintendi
31%
Isaac Collins
31%
Jake Rodgers
31%
Jordan Walker
31%
Lars Nootbaar
31%
Matt Mclain
31%
Matt Wallner
31%
Pedro Pages
31%
Caleb Durbin
23%
George Valera
23%
Henry Davis
23%
JJ Bleday
23%
Lane Thomas
23%
Michael McGreevy
23%
Noelvi Marte
23%
Will Benson
23%
Brooks Baldwin
15%
Jac Caglianone
15%
Jared Triolo
15%
Moisés Ballesteros
15%
Kody Clemens
8%
Nick Yorke
8%
Thomas Saggese
8%
Victor Caratini
8%
Cole Reagans
0%
Drew Waters
0%
Jack Suwinski
0%
James Outman
0%
No matching quizzes found
Score Distribution
Percent of People with Each Score
Percentile by Number Answered
Your Score History
You have not taken this quiz since the last reset